000 00296nam a22001337a 4500
008 171016b xxu||||| |||| 00| 0 eng d
020 _a9780538477789
041 _aeng
080 _26TH
_a33
100 _a52
101 _aEKO
245 _aESSENTIALSOF ECONOMICS
_cMANKIW,N.G
942 _2udc
_cBK
999 _c33990
_d33990